000 01406nam0a22002411 4500
001 rc\1017861
005 20260407140318.0
035 _a(NLR Aleph) 006182821
090 _a6083794
_c6083794
100 _a20041129d1981 |||y0rusy50 ca
101 0 _arus
102 _aRU
105 _ay |||||||||
200 1 _aМетодические рекомендации по планированию и учету себестоимости работ по сборке (досборке), регулировке и обкатке сельскохозяйственных машин в цехах сборки
_fВсесоюз. н.-и. и проект. ин-т по орг., экономике и технологии материально-техн. снабжения сел. хоз-ва
_g[Разраб. Е.И. Васиным и др.]
210 _aРязань
_cВНИИМС
_d1981
215 _a38 с.
_d20
702 1 _aВасин
_bЕ.И.
_4570
712 0 2 _aВсесоюзный научно-исследовательский и проектный институт по организации, экономике и технологии материально-технического снабжения сельского хозяйства
_cРязань
_3RU\NLR\AUTH\8810005912
_9509270
801 0 _aRU
_bNLR
_gpsbo
801 1 _aRU
_bELAR
_2rusmarc
852 _aNLR
_j81-4/25893
942 _cBOOK
980 _aNB